000 01057cam a22002411i 4500
003 SA-RiAUC
005 20260106115143.0
008 260105q20002023su g f000 0bara c
020 _a9960465500
040 _aSA-JeALM
_bara
_cSA-RiAUC
_erda
082 0 4 _a811.062
090 _a811.062
_bع ث م
100 1 _aعثمان، عبدالرحمن
_d1328 - 1400 هـ
_eمؤلف.
245 1 0 _aالفتوحات الطيبية والمدنية في تخميس البردة البوصيرية والقصائد الوترية
_cعبدالرحمن عثمان ، تحقيق ومراجعة محمد العيد الخطراوي.
264 1 _aالمدينة المنورة :
_bمحمد العيد الخطراوي،
_bتارة الدولية .
_c2011
300 _a202 صفحة ؛
_c24 سم
336 _aنص
_btxt
_2rdacontent
_3كتاب
337 _aبدون وسيط
_bn
_2rdamedia
650 _aالشعر العربي
_yعصر المماليك
650 _aالمدائح النبوية
942 _2ddc
_cBOOK
_n0
949 _aSA-JeALM
_d260105
_uosman123
_n1
999 _c13899
_d13899